| 000 | 00525cam a2200193ua 4500 | ||
|---|---|---|---|
| 020 |
_a0 412 06991 1 _c150.00 |
||
| 041 |
_aeng _h |
||
| 082 |
_a630 _bROT/IN |
||
| 100 | _aRoth, Lawrence O . | ||
| 245 |
_aIntroduction to agricultural engineering / _cLawrence O Roth. _hTextual Documents |
||
| 250 |
_a2 / _b. |
||
| 260 |
_aNew Delhi : _bC B S Publishers & Distributers , _c1996. |
||
| 300 | _a343 ; . | ||
| 365 | _a150.00 | ||
| 504 | _a | ||
| 700 | 1 | _aField, Harry L . | |
| 942 | _cBK | ||
| 999 |
_c9408 _d9408 |
||